Sports Quiz

Random Sports or NFL Quiz

African-American NFL QB's since 2000 to THROW TD PASS Quiz Stats

 Plays Quiz not verified by Sporcle

Also try: Big East
Challenge
Share
Tweet
Embed
Score 0/42 Timer 05:00
0 Plays Today
TEAM(s) PLAYER % Correct
CARCam Newton
96.7%
SEARussell Wilson
94.1%
ATL, PHIMichael Vick
94.1%
WASRobert Griffin
93.7%
NYJGeno Smith
92.9%
BALTroy Smith
92.9%
CINAkili Smith
92.5%
CHI, OAK, WAS, CLEJason Campbell
87.9%
SEA, MINTarvaris Jackson
86.6%
SFColin Kaepernick
86.2%
PHI, MINDonovan McNabb
84.5%
TB, MINJosh Freeman
84.1%
TB, JAX, PIT, ATLByron Leftwich
79.9%
TEN, BALSteve McNair
79.5%
JAXDavid Garrard
78.7%
BUFEJ Manuel
77.8%
OAKTerrelle Pryor
77%
PIT, DETCharlie Batch
76.2%
DET, MIN, MIADaunte Culpepper
76.2%
OAKJaMarcus Russell
74.1%
OAK, NOAaron Brooks
71.5%
TEAM(s) PLAYER % Correct
TEN, PHIVince Young
68.2%
CHI, PITKordell Stewart
66.5%
NYJ, DALQuincy Carter
61.9%
CLE, SEASeneca Wallace
60.7%
TBJosh Johnson
57.7%
PITDennis Dixon
55.2%
MINJoe Webb
50.3%
BUF, CLEThad Lewis
50.2%
BAL, DALRandall Cunningham
46.4%
TB, ARZShaun King
44.9%
MIACleo Lemon
42.7%
HOU, WAS, BALTony Banks
37.2%
CARRodney Peete
37.2%
KCWarren Moon
36.4%
CHI, PHI, ARZ, BAL, NOJeff Blake
34.3%
BAL, DALAnthony Wright
28.5%
KC, JAXQuinn Gray
22.6%
MIARay Lucas
16.3%
MINSpergon Wynn
15.9%
NEMichael Bishop
9.6%
CHIHenry Burris
7.5%

You're not logged in!

Compare scores with friends on all Sporcle quizzes.
OR
Log In

You Might Also Like...

Show Comments

Extras

Top Quizzes Today


Score Distribution

Your Account Isn't Verified!

In order to create a playlist on Sporcle, you need to verify the email address you used during registration. Go to your Sporcle Settings to finish the process.

Report this User

Report this user for behavior that violates our Community Guidelines.

Details: